| 000 | 00519nam a22001817a 4500 | ||
|---|---|---|---|
| 999 |
_c12601 _d12601 |
||
| 003 | MIRAKIL | ||
| 005 | 20190109164816.0 | ||
| 008 | 190109b tu ||||| |||| 00| 0 tur d | ||
| 040 |
_aTR-AnCHP _cTR-AnCHP |
||
| 041 | _aTUR | ||
| 082 |
_a158.25 _bD24d 1967 |
||
| 100 | _aCarnegie, Dale | ||
| 245 | 1 | 0 |
_aDost kazanmak ve insanları etkilemek sanatı _cyazan: Dale Carnegie ; çeviren: Türkan Akbaş |
| 260 |
_aİstanbul _bAk Kitabevi _c1967 |
||
| 300 |
_a215 s. _c20 sm. |
||
| 650 | 0 |
_929 _aPsikoloji |
|
| 942 |
_2ddc _cBKS |
||